000 00801cab a2200277 4500
001 ABS60245
008 090401t1999 xxu||||| |||| 00| 0 eng d
035 _a(Sirsi) u91537
041 _aeng
100 _aCrathorne, R.
245 _aMillennium hopes and fears of farmers
260 _c1999
350 _a0
490 _aProperty Week
_v64(7) 19 February 1999, 35(1)
520 _aConsiders the reforms proposed for the agricultural industries under the Common Agricultural Policy and Agenda 2000.
650 _aAGENDA 2000
650 _aAGRICULTURAL INDUSTRY
650 _aCAP REFORM
650 _aCOMMON AGRICULTURAL POLICY
650 _aCOUNTRYSIDE AGENCY
650 _aFARM INCOMES
650 _aPREDICTIONS
690 _aRURAL PRACTICE
942 _n0
948 _c23/02/1999
999 _c58113
_d58113